000 01674cam a2200397 a 4500
001 110199
005 20230404125743.0
008 940929s1995 sp ah bc 000 0 spa d
035 _9(DLC) 95106283
035 _a4456027
020 _a9788480042284
020 _a8480042281
035 _a(OCoLC)31196094
040 _aICN
_cICN
_dDLC
042 _alccopycat
050 1 4 _a000 E 141
_bD352h 1995
082 0 0 _a970.01
100 1 _aDelgado Gómez, Angel,
_d1953-
245 1 0 _aHistoriografía española del nuevo mundo :
_b1493-1700 /
_cpor Ángel Delgado-Gómez ; suplemento bibliográfico de Susan L. Newbury con una lista de ediciones & traducciones publicadas antes de 1801.
260 _aProvidence, R.I. :
_aMadrid :
_bJohn Carter Brown Library, ;
_bFundación Ramón Areces
_c1995.
300 _axiv, 127 p. :
_bill., facsims. ;
_c30 cm.
500 _aExhibition catalog.
500 _a"Published by the John Carter Brown Library in recognition of the Quincentenary Year 1992."
504 _aIncludes bibliographical references.
650 4 _aPrimera Jornada de Catalogacion.
651 4 _aAmérica
_xHistoria
_xHasta 1600
_xExposiciones.
651 4 _aAmérica
_xDescubrimiento y exploraciones
_xEspañoles
_xExposiciones.
651 4 _aEspaña
_xColonias
_zAmérica
_xHistoria
_xFuentes.
651 0 _aAmerica
_xEarly accounts to 1600
_xExhibitions.
651 0 _aAmerica
_xDiscovery and exploration
_xSpanish
_xSources
_xExhibitions.
651 0 _aSpain
_xColonies
_zAmerica
_xHistory
_xSources
_xExhibitions.
610 2 0 _aJohn Carter Brown Library
_xExhibitions.
700 1 _aNewbury, Susan L.
710 2 _aJohn Carter Brown Library.
942 _2lcc
_cbk
999 _c3982
_d3982